00485nam a2200097Ia 4500008004100000100007500041245017800116260002700294650001300321856005300334171212s9999 xx 000 0 und d aBaird, Matthew;Daugherty, Lindsay;Kumar, Krishna B.;Arifkhanova, Aziza cBaird, Matthew;Daugherty, Lindsay;Kumar, Krishna B.;Arifkhanova, AzizaaThe Anesthesiologist Workforce in 2013bA Final Briefing to the American Society of Anesthesiologists bRAND Corporationc2014 aBusiness uhttp://www.jstor.org/stable/10.7249/j.ctt14bs2dd